[Event "Feffernitz Raika op 23rd"]
[Site "Feffernitz"]
[Date "2014.08.22"]
[Round "8"]
[White "Natter, Markus"]
[Black "Tarmann, Johannes"]
[Result "1-0"]
[WhiteElo "2074"]
[BlackElo "1993"]
[PlyCount "117"]
[EventDate "2014.08.16"]
[EventType "swiss"]
[EventRounds "9"]
[EventCountry "AUT"]
[SourceTitle "CBM 161 Extra"]
[Source "ChessBase"]
[SourceDate "2014.08.29"]
[SourceVersion "1"]
[SourceVersionDate "2014.08.29"]
[SourceQuality "1"]

1. e4 c6 2. d4 d5 3. e5 g6 4. f4 h5 5. Nf3 Nh6 6. Be3 Nf5 7. Bf2 Qb6 8. Qc1 Na6 9. Nbd2 Nc7 10. a4 Ne6 11. a5 Qd8 12. Nb3 Bh6 13. g3 Rb8 14. Bd3 Nc7 15. 0-0 b6 16. axb6 axb6 17. Qd2 0-0 18. Rfe1 Ng7 19. Kg2 Bf5 20. Nh4 Bxd3 21. Qxd3 Qd7 22. Ra7 Ra8 23. Rea1 Rxa7 24. Rxa7 Rc8 25. Rb7 b5 26. Nc5 Qe8 27. f5 g5 28. Be3 Na8 29. Nf3 f6 30. h4 Rc7 31. hxg5 Rxb7 32. gxh6 Ra7 33. hxg7 Qf7 34. Ne6 Nc7 35. Nd8 Qxg7 36. Nxc6 Ra6 37. exf6 exf6 38. Nb4 Ra1 39. Bf4 Qe7 40. Kf2 Qxb4 41. Bxc7 Qc4 42. Qxc4 bxc4 43. Ke2 Ra2 44. Nh4 Rxb2 45. Kd2 Rb7 46. Bd8 Kf7 47. Ng6 Rd7 48. Ba5 Ra7 49. Bb4 Ra1 50. Nf4 Rf1 51. Ke2 Rg1 52. Kf2 Rh1 53. c3 Rh2+ 54. Kg1 Rd2 55. Nxh5 Rd1+ 56. Kg2 Rd2+ 57. Kg1 Rd1+ 58. Kf2 Rd2+ 59. Kf3 1-0

[Event "Feffernitz Raika op 23rd"]
[Site "Feffernitz"]
[Date "2014.08.20"]
[Round "6"]
[White "Langwieser, Alexander"]
[Black "Tarmann, Johannes"]
[Result "1/2-1/2"]
[WhiteElo "2109"]
[BlackElo "1993"]
[PlyCount "83"]
[EventDate "2014.08.16"]
[EventType "swiss"]
[EventRounds "9"]
[EventCountry "AUT"]
[SourceTitle "CBM 161 Extra"]
[Source "ChessBase"]
[SourceDate "2014.08.29"]
[SourceVersion "1"]
[SourceVersionDate "2014.08.29"]
[SourceQuality "1"]

1. e4 c6 2. d4 d5 3. e5 g6 4. c4 Be6 5. cxd5 Bxd5 6. Nc3 e6 7. Nxd5 Qxd5 8. Nf3 Nh6 9. Be2 Nf5 10. 0-0 Nd7 11. b3 Nb6 12. a4 Qd8 13. g4 Nh4 14. Ng5 Be7 15. Ne4 Nd5 16. Qd2 h5 17. g5 Nf5 18. Ba3 Bxa3 19. Rxa3 Qe7 20. Raa1 Rd8 21. Rfd1 Kf8 22. a5 a6 23. Ra4 Kg7 24. Kh1 Nc7 25. Qc3 Nd5 26. Qd2 Nc7 27. Qc3 Nd5 28. Qc5 Rd7 29. Qxe7 Nfxe7 30. Nf6 Rc7 31. Rc4 Nf5 32. Ne4 Rd8 33. Nc5 Re8 34. Bf3 Rd7 35. Be4 Rc7 36. Rd2 Nfe7 37. Bb1 Nc8 38. Be4 Nce7 39. Bd3 Rd8 40. Be4 Re8 41. Bf3 Kf8 42. Be4 1/2-1/2

[Event "Feffernitz Raika op 23rd"]
[Site "Feffernitz"]
[Date "2014.08.17"]
[Round "2"]
[White "Mitter, Gerd"]
[Black "Tarmann, Johannes"]
[Result "1-0"]
[WhiteElo "2210"]
[BlackElo "1993"]
[PlyCount "65"]
[EventDate "2014.08.16"]
[EventType "swiss"]
[EventRounds "9"]
[EventCountry "AUT"]
[SourceTitle "CBM 161 Extra"]
[Source "ChessBase"]
[SourceDate "2014.08.29"]
[SourceVersion "1"]
[SourceVersionDate "2014.08.29"]
[SourceQuality "1"]

1. g3 g6 2. Bg2 Bg7 3. d4 d6 4. Nf3 Nf6 5. 0-0 0-0 6. c4 c6 7. Nc3 Nbd7 8. e4 e5 9. h3 Qc7 10. Be3 h6 11. Qc2 Re8 12. Rad1 a6 13. Rd2 Bf8 14. Rfd1 Qa5 15. Rb1 b5 16. b4 Qc7 17. dxe5 Nxe5 18. Nxe5 dxe5 19. cxb5 cxb5 20. Qb2 Qc6 21. Rc1 Qb7 22. Nd5 Nxd5 23. exd5 e4 24. d6 Be6 25. Rc7 Qb8 26. Bxe4 Bxh3 27. Qc2 Bg7 28. Bxg6 Rxe3 29. Bxf7+ Kh8 30. fxe3 Qf8 31. Kh2 Bg4 32. Qe4 h5 33. Qe7 1-0

[Event "Latschach op 27th"]
[Site "Latschach"]
[Date "2011.08.18"]
[Round "7"]
[White "Tarmann, Johannes"]
[Black "Mladenov, Plamen"]
[Result "1/2-1/2"]
[WhiteElo "2019"]
[BlackElo "2391"]
[PlyCount "84"]
[EventDate "2011.08.13"]
[EventType "swiss"]
[EventRounds "9"]
[EventCountry "AUT"]
[SourceTitle "CBM 143 Extra"]
[Source "ChessBase"]
[SourceDate "2011.08.29"]
[SourceVersion "1"]
[SourceVersionDate "2011.08.29"]
[SourceQuality "1"]

1. Nf3 Nf6 2. g3 d5 3. Bg2 c6 4. d3 Bf5 5. 0-0 h6 6. Nbd2 e6 7. b3 Be7 8. Bb2 0-0 9. c4 a5 10. a3 Bh7 11. Qc2 Na6 12. h3 Qb6 13. Bd4 c5 14. Bb2 Nb8 15. Rab1 Nc6 16. Ne5 d4 17. Nxc6 bxc6 18. Nf3 Bd6 19. b4 axb4 20. axb4 cxb4 21. Nxd4 Rac8 22. Nb3 c5 23. Ra1 h5 24. Qd2 Bg6 25. Qg5 Nh7 26. Qe3 Qc7 27. Ra5 Qe7 28. Rfa1 Rc7 29. d4 cxd4 30. Qxd4 e5 31. Qd5 Nf6 32. Qb5 Nd7 33. Bd5 Bc2 34. Nd2 Nc5 35. Ra8 e4 36. e3 Kh7 37. Rxf8 Qxf8 38. Ra8 Rc8 39. Ra7 f6 40. Rf7 Qe8 41. Qxe8 Rxe8 42. Bxf6 Kg6 1/2-1/2

[Event "Latschach op 25th"]
[Site "Latschach"]
[Date "2009.08.13"]
[Round "7"]
[White "Kock, Hans Uwe"]
[Black "Tarmann, Johannes"]
[Result "1/2-1/2"]
[WhiteElo "2155"]
[BlackElo "2027"]
[PlyCount "76"]
[EventDate "2009.08.08"]
[EventType "swiss"]
[EventRounds "9"]
[EventCountry "AUT"]
[SourceTitle "CBM 131 Extra"]
[Source "ChessBase"]
[SourceDate "2009.09.03"]
[SourceVersion "2"]
[SourceVersionDate "2009.09.16"]
[SourceQuality "1"]

1. d4 d5 2. c4 e6 3. Nf3 c6 4. e3 f5 5. Nc3 Nd7 6. cxd5 exd5 7. Bd3 Qf6 8. Qc2 g6 9. Rb1 Bd6 10. b4 a6 11. a3 Ne7 12. Bb2 0-0 13. Na4 Rd8 14. Nc5 Nf8 15. Ne5 Ne6 16. f4 Bxe5 17. fxe5 Qg7 18. 0-0 b6 19. Na4 Rb8 20. Bc3 b5 21. Nb2 Ng5 22. Be1 Qh6 23. Nd1 Rb7 24. Bg3 Ne6 25. Rf3 Rf8 26. Bf2 Qg7 27. h4 Rf7 28. Nc3 Qf8 29. Ne2 Qe8 30. Rf1 Bd7 31. Bg3 Nc8 32. Bh2 Nb6 33. g4 Ng7 34. Ng3 Nc4 35. Qf2 f4 36. Rxf4 Bxg4 37. Bxc4 bxc4 38. Qd2 Be6 1/2-1/2

[Event "Faakersee op 21st"]
[Site "Latschach"]
[Date "2005.08.14"]
[Round "3"]
[White "Tarmann, Johannes"]
[Black "Kock, Hans Uwe"]
[Result "1-0"]
[WhiteElo "2032"]
[BlackElo "2127"]
[PlyCount "37"]
[EventDate "2005.08.13"]
[EventType "swiss"]
[EventRounds "9"]
[EventCountry "AUT"]
[SourceTitle "EXT 2006"]
[Source "ChessBase"]
[SourceDate "2005.11.24"]
[SourceVersion "1"]
[SourceVersionDate "2005.11.24"]
[SourceQuality "1"]

1. Nf3 Nf6 2. d4 g6 3. c3 d6 4. Nbd2 Bg7 5. e4 0-0 6. Bc4 e6 7. 0-0 Nbd7 8. Re1 d5 9. Bd3 dxe4 10. Nxe4 Nxe4 11. Bxe4 Nf6 12. Bg5 Qd6 13. Nd2 Nxe4 14. Nxe4 Qc6 15. Nf6+ Bxf6 16. Bxf6 h6 17. Qd2 Kh7 18. Re5 b6 19. Rh5 1-0

[Event "Finkenstein op"]
[Site "Finkenstein"]
[Date "1995.??.??"]
[Round "7"]
[White "Kiss, Judit"]
[Black "Tarmann, Johannes"]
[Result "0-1"]
[WhiteElo "2055"]
[BlackElo "1950"]
[PlyCount "58"]
[EventDate "1995.??.??"]
[EventType "swiss"]
[EventRounds "9"]
[EventCountry "AUT"]
[SourceTitle "EXT 1997"]
[Source "ChessBase"]
[SourceDate "1996.11.15"]
[SourceVersion "1"]
[SourceVersionDate "1996.11.15"]
[SourceQuality "1"]

1. e4 c5 2. Nf3 e6 3. d4 cxd4 4. Nxd4 a6 5. Be3 Qc7 6. Bd3 Nf6 7. c4 d6 8. Nc3 Be7 9. 0-0 Nbd7 10. Rc1 b6 11. f4 Bb7 12. Qf3 0-0 13. Kh1 Rfe8 14. g4 g6 15. Nde2 Nc5 16. Bb1 Nfxe4 17. Nxe4 f5 18. N2g3 Nxe4 19. Nxe4 Qc6 20. Kg1 fxe4 21. Qg2 Bf6 22. Rfd1 Rad8 23. b3 d5 24. cxd5 Rxd5 25. Rxd5 Qxd5 26. Bxb6 Bd4+ 27. Bxd4 Qxd4+ 28. Kf1 Rf8 29. Qg1 Rxf4+ 0-1